Méthode et pratique du thème anglais (notice n° 1925521)
[ vue normale ]
| 000 -LEADER | |
|---|---|
| fixed length control field | 01018cam a2200145 4500500 |
| 005 - DATE AND TIME OF LATEST TRANSACTION | |
| control field | 20260329023217.0 |
| 041 ## - LANGUAGE CODE | |
| Language code of text/sound track or separate title | fre |
| 042 ## - AUTHENTICATION CODE | |
| Authentication code | dc |
| 100 10 - MAIN ENTRY--PERSONAL NAME | |
| Personal name | Durand, Michel |
| Relator term | author |
| 245 00 - TITLE STATEMENT | |
| Title | Méthode et pratique du thème anglais |
| 260 ## - PUBLICATION, DISTRIBUTION, ETC. | |
| Name of publisher, distributor, etc. | Armand Colin,<br/> |
| Date of publication, distribution, etc. | 2011.<br/> |
| 520 ## - SUMMARY, ETC. | |
| Summary, etc. | Cet ouvrage s’adresse aux étudiants de LEA ou de LCE, aux candidats au nouveau CAPES, ainsi qu’à tous ceux qui souhaitent s’entraîner à la traduction de textes d’actualité et consolider leurs bases méthodologiques. Il veut répondre à un double besoin, souvent exprimé par les étudiants : disposer à la fois d’une méthode abordable et d’exercices pratiques corrigés. La partie « Méthode » examine les principales difficultés de traduction et fournit les moyens de les résoudre. Chaque chapitre est illustré par de nombreux exemples. |
| 700 10 - ADDED ENTRY--PERSONAL NAME | |
| Personal name | Harvey, Malcolm |
| Relator term | author |
| 856 41 - ELECTRONIC LOCATION AND ACCESS | |
| Uniform Resource Identifier | <a href="https://shs.cairn.info/methode-et-pratique-du-theme-anglais--9782200274870?lang=fr&redirect-ssocas=7080">https://shs.cairn.info/methode-et-pratique-du-theme-anglais--9782200274870?lang=fr&redirect-ssocas=7080</a> |
Pas d'exemplaire disponible.




Réseaux sociaux